书目信息 |
| 题名: |
列宁论无产阶级革命和无产阶级专政
|
|
| 作者: | 列宁 著 ;人民出版社 编 | |
| 分册: | ||
| 出版信息: | 北京 人民出版社 1960 |
|
| 页数: | 56页 | |
| 开本: | 19cm | |
| 丛书名: | ||
| 单 册: | ||
| 中图分类: | A823 | |
| 科图分类: | ||
| 主题词: | 列宁语录--社会主义革命 | |
| 电子资源: | ||
| ISBN: | 1001.486 | |
| 000 | 00911nam0 2200277 450 | |
| 001 | 000510370 | |
| 005 | 20120719235244.0 | |
| 010 | @a1001.486@dCNY0.14 | |
| 091 | @a1001.486@dCNY0.14 | |
| 100 | @a20120720d1960 em y0chiy0120 ea | |
| 101 | 1 | @achi@crus |
| 102 | @aCN@b110000 | |
| 105 | @ay a 000yy | |
| 106 | @ar | |
| 200 | 1 | @a列宁论无产阶级革命和无产阶级专政@9Lie Ning Lun Wu;Mo Chan Jie Ji Ge;Ji Ming He;Huo;Hu Wu;Mo Chan Jie Ji Zhuan Zheng @f列宁@g人民出版社编辑部 |
| 210 | @a北京@c人民出版社@d1960 | |
| 215 | @a56页@d19cm | |
| 300 | @a纪念列宁诞生九十周年 1870-1960 | |
| 320 | @a含书目 | |
| 606 | 0 | @a列宁语录@x社会主义革命 |
| 686 | @a123 | |
| 690 | @aA823@v3 | |
| 701 | 1 | @a列宁@9Liening@g(Ленин, Владимир Ильич),@f1870-1924@4著 |
| 712 | 02 | @a人民出版社@9Ren min chu ban she bian ji bu@b编辑部@4编 |
| 801 | 0 | @aCN@bAzMarc@c20130904 |
| 905 | @aBZT@dA823@e1@f1@sA823/1 | |
| 列宁论无产阶级革命和无产阶级专政/列宁/人民出版社编辑部.-北京:人民出版社,1960 |
| 56页;19cm |
| 纪念列宁诞生九十周年 1870-1960 |
| ISBN 1001.486:CNY0.14 |
| ● |
| 相关链接 |
|
|
|
正题名:列宁论无产阶级革命和无产阶级专政
索取号:A823/1
 
预约/预借
| 序号 | 登录号 | 条形码 | 馆藏地/架位号 | 状态 | 备注 |
| 1 | 2000077226 | 2000077226 | 旧书回溯/ [索取号:A823/1] | 在馆 |